| Tag |
First Indicator |
Second Indicator |
Subfields |
| LEADER |
00000cam a2200000 i 4500 |
| 001 |
in00004398613 |
| 005 |
20210422112101.0 |
| 006 |
m fo d |
| 007 |
cr bn nnnauuuu |
| 008 |
120918s1948 cau o 000 0 eng d |
| 035 |
|
|
|a ccn00362738
|
| 040 |
|
|
|a NjRocCCS
|b eng
|e rda
|c NjRocCCS
|d UtOrBLW
|
| 043 |
|
|
|a n-us-ca
|
| 050 |
|
4 |
|a F870.M5
|b E53 1948
|
| 100 |
1 |
|
|a Endore, S. Guy,
|d 1900-1970,
|e author.
|0 http://id.loc.gov/authorities/names/n50010389
|
| 245 |
1 |
0 |
|a Justice for Salcido /
|c by Guy Endore ; introduction by Carey McWilliams.
|
| 264 |
|
1 |
|a Los Angeles, Calif. :
|b Civil Rights Congress of Los Angeles,
|c 1948.
|
| 264 |
|
2 |
|a [Buffalo, New York] :
|b William S. Hein and Company,
|c [between 2009 and 2013]
|
| 300 |
|
|
|a 1 online resource (31 pages).
|
| 336 |
|
|
|a text
|b txt
|2 rdacontent
|
| 337 |
|
|
|a computer
|b c
|2 rdamedia
|
| 338 |
|
|
|a online resource
|b cr
|2 rdacarrier
|
| 490 |
0 |
|
|a HeinOnline legal classics library
|0 http://id.loc.gov/authorities/names/no94001626
|
| 490 |
1 |
|
|a HeinOnline civil rights and social justice
|
| 588 |
|
|
|a Description based on print version record.
|
| 600 |
1 |
0 |
|a Salcido, Augustin,
|d -1948.
|
| 650 |
|
0 |
|a Mexican Americans
|x Civil rights
|z California
|z Los Angeles.
|
| 650 |
|
0 |
|a Trials (Murder)
|z California
|z Los Angeles.
|0 http://id.loc.gov/authorities/subjects/sh2008112999
|
| 655 |
|
7 |
|a Electronic books.
|2 local
|
| 710 |
2 |
|
|a Civil Rights Congress of Los Angeles.
|
| 830 |
|
0 |
|a Civil rights and social justice.
|
| 856 |
4 |
0 |
|u http://proxy.library.tamu.edu/login?url=https://www.heinonline.org/HOL/Page?handle=hein.beal/jusasalci0001&id=1&size=2&collection=civil&index=civil
|z Connect to the full text of this electronic book
|t 0
|
| 949 |
|
|
|a F 870 .M5 E53 1948
|w LC
|c 1
|i 362738-2001
|d 9/14/2020
|l MAIN
|m HEN
|q 1
|r Y
|s Y
|t WEB
|u 9/22/2012
|x ENG
|z N-US-CA
|
| 999 |
f |
f |
|s 6aaf165c-9b81-3f57-9320-d19f7c8c44ac
|i 551ecfa6-c7ce-3e60-b7af-403fe4e41f24
|t 0
|
| 952 |
f |
f |
|a Texas A&M University
|b College Station
|c Electronic Resources
|d Available Online
|t 0
|e F870.M5 E53 1948
|h Library of Congress classification
|
| 998 |
f |
f |
|a F870.M5 E53 1948
|t 0
|l Available Online
|